<?xml version="1.0" encoding="UTF-8"?>
<record
    xmlns:xsi="http://www.w3.org/2001/XMLSchema-instance"
    xsi:schemaLocation="http://www.loc.gov/MARC21/slim http://www.loc.gov/standards/marcxml/schema/MARC21slim.xsd"
    xmlns="http://www.loc.gov/MARC21/slim">

  <leader>01019nam a2200181Ia 4500</leader>
  <controlfield tag="008">090124s9999    xx            000 0 und d</controlfield>
  <datafield tag="082" ind1=" " ind2=" ">
    <subfield code="b">25197</subfield>
    <subfield code="a">2677</subfield>
  </datafield>
  <datafield tag="100" ind1=" " ind2=" ">
    <subfield code="a">&#x92E;&#x939;&#x93E;&#x932;&#x947; &#x930;&#x92E;&#x947;&#x936;</subfield>
  </datafield>
  <datafield tag="245" ind1=" " ind2=" ">
    <subfield code="a"> &#x926;&#x940;&#x92A;&#x91C;&#x94D;&#x92F;&#x94B;&#x924;&#x93F;&#x930;&#x94D;&#x928;&#x92E;&#x94B;ss&#x938;&#x94D;&#x924;&#x941;&#x924;&#x947;(&#x930;&#x93E;&#x937;&#x94D;&#x91F;&#x94D;&#x930;&#x938;&#x947;&#x935;&#x93E; &#x938;&#x92E;&#x93F;&#x924;&#x940;&#x91A;&#x94D;&#x92F;&#x93E; &#x932;&#x915;&#x94D;&#x937;&#x94D;&#x92E;&#x940;&#x92C;&#x93E;&#x908; &#x924;&#x925;&#x93E; &#x92E;&#x93E;&#x935;&#x936;&#x940; &#x915;&#x947;&#x933;&#x915;&#x930; &#x91A;&#x93E;</subfield>
  </datafield>
  <datafield tag="250" ind1=" " ind2=" ">
    <subfield code="a">1</subfield>
  </datafield>
  <datafield tag="260" ind1=" " ind2=" ">
    <subfield code="c">1986</subfield>
  </datafield>
  <datafield tag="300" ind1=" " ind2=" ">
    <subfield code="a">230</subfield>
  </datafield>
  <datafield tag="600" ind1=" " ind2=" ">
    <subfield code="a">&#x92E;&#x939;&#x93E;&#x932;&#x947; &#x930;&#x92E;&#x947;&#x936;</subfield>
  </datafield>
  <datafield tag="630" ind1=" " ind2=" ">
    <subfield code="a"> &#x926;&#x940;&#x92A;&#x91C;&#x94D;&#x92F;&#x94B;&#x924;&#x93F;&#x930;&#x94D;&#x928;&#x92E;&#x94B;ss&#x938;&#x94D;&#x924;&#x941;&#x924;&#x947;(&#x930;&#x93E;&#x937;&#x94D;&#x91F;&#x94D;&#x930;&#x938;&#x947;&#x935;&#x93E; &#x938;&#x92E;&#x93F;&#x924;&#x940;&#x91A;&#x94D;&#x92F;&#x93E; &#x932;&#x915;&#x94D;&#x937;&#x94D;&#x92E;&#x940;&#x92C;&#x93E;&#x908; &#x924;&#x925;&#x93E; &#x92E;&#x93E;&#x935;&#x936;&#x940; &#x915;&#x947;&#x933;&#x915;&#x930; &#x91A;&#x93E;</subfield>
  </datafield>
  <datafield tag="700" ind1=" " ind2=" ">
    <subfield code="a">&#x92E;&#x939;&#x93E;&#x932;&#x947; &#x930;&#x92E;&#x947;&#x936;</subfield>
  </datafield>
  <datafield tag="730" ind1=" " ind2=" ">
    <subfield code="a"> &#x926;&#x940;&#x92A;&#x91C;&#x94D;&#x92F;&#x94B;&#x924;&#x93F;&#x930;&#x94D;&#x928;&#x92E;&#x94B;ss&#x938;&#x94D;&#x924;&#x941;&#x924;&#x947;(&#x930;&#x93E;&#x937;&#x94D;&#x91F;&#x94D;&#x930;&#x938;&#x947;&#x935;&#x93E; &#x938;&#x92E;&#x93F;&#x924;&#x940;&#x91A;&#x94D;&#x92F;&#x93E; &#x932;&#x915;&#x94D;&#x937;&#x94D;&#x92E;&#x940;&#x92C;&#x93E;&#x908; &#x924;&#x925;&#x93E; &#x92E;&#x93E;&#x935;&#x936;&#x940; &#x915;&#x947;&#x933;&#x915;&#x930; &#x91A;&#x93E;</subfield>
  </datafield>
  <datafield tag="942" ind1=" " ind2=" ">
    <subfield code="c">BOOK</subfield>
  </datafield>
  <datafield tag="999" ind1=" " ind2=" ">
    <subfield code="c">138724</subfield>
    <subfield code="d">138724</subfield>
  </datafield>
  <datafield tag="952" ind1=" " ind2=" ">
    <subfield code="0">0</subfield>
    <subfield code="1">0</subfield>
    <subfield code="4">0</subfield>
    <subfield code="7">0</subfield>
    <subfield code="a">THNMGS</subfield>
    <subfield code="b">THNMGS</subfield>
    <subfield code="d">0000-00-00</subfield>
    <subfield code="g">60.00</subfield>
    <subfield code="l">0</subfield>
    <subfield code="o">25197</subfield>
    <subfield code="p">THNMGS-25197</subfield>
    <subfield code="r">2009-01-24 00:00:00</subfield>
    <subfield code="v">60.00</subfield>
    <subfield code="w">2009-01-24</subfield>
    <subfield code="y">BOOK</subfield>
  </datafield>
</record>
